| 000 | 00466nam a22001817a 4500 | ||
|---|---|---|---|
| 003 | CEME | ||
| 005 | 20210628210344.0 | ||
| 008 | 210216b xxu||||| |||| 00| 0 eng d | ||
| 020 | _a969-35-1038-0 | ||
| 040 | _c. | ||
| 082 | _a891.4397 BUT | ||
| 100 |
_aButt, Dr. Muhammad Younas Dr. Muhammad Younas Butt _979076 |
||
| 245 | _aMazahiyat | ||
| 260 |
_aLAHORE _bSANG-E-MEEL _c1999 |
||
| 300 | _a485P | ||
| 650 |
_aURDU ADAB-TANZOO MAZAH _979077 |
||
| 942 |
_cBK _2ddc |
||
| 999 |
_c584144 _d584144 |
||